| 000 | 01491cam a2200313 4500 | ||
|---|---|---|---|
| 001 | ABS67736 | ||
| 008 | 040426n2004 000 0 eng u | ||
| 035 | _a(Sirsi) u125983 | ||
| 245 | _aVision: the residential crisis | ||
| 260 | _c2004 | ||
| 490 |
_aEstates Gazette _v(0414) 3 April 2004, 126-131(6) |
||
| 520 | _aPresents three articles on aspects of the current housing crisis. "The home front" reports on the hostile property industry's response to the re-introduction of the planning gain supplement in the Barker Review's package of proposals. "Fighting flight for city centre blight" looks at house builder Crest Nicholson's strategic focus on development in poor city centres; re-developing run-down estates to include a mixture of upmarket and middle-market housing as in its Park Central scheme in Birmingham. "Homes in the south east? Get radical" supports north Kent as the only logical location for a huge housing expansion close to London and outlines the infrastructure and house building requirements of such a development. | ||
| 590 | _aABS | ||
| 590 | _aABS | ||
| 650 | _aBIRMINGHAM | ||
| 650 | _aSWANLEY | ||
| 650 | _aDARTFORD | ||
| 650 | _aGRAVESEND | ||
| 650 | _aTOWN CENTRES | ||
| 650 | _aTHAMES GATEWAY | ||
| 650 | _aRESIDENTIAL DEVELOPMENT | ||
| 650 | _aPLANNING GAIN | ||
| 650 | _aTOWN AND COUNTRY PLANNING ACT 1947 | ||
| 650 | _aNORTH KENT | ||
| 650 | _aLAND TAX | ||
| 650 | _aBARKER REVIEW | ||
| 690 | _aHOUSING-MARKET | ||
| 942 | _n0 | ||
| 999 |
_c117243 _d117243 |
||